000 00881nas a2200265 4500
001 BR8705886
003 BR-BrBNA
005 20231205090819.0
007 ta
008 230509b bl.|||p| |||| 00| 00por d
040 _aBR-BrBNA
_bpor
_cBiblioteca Nacional de Agricultura
041 _a(Pt)
072 _aL73; L70
100 1 _aKoseki, I.
100 1 _aKubrusly, F.S.
100 1 _aSilva, M. do R.P. da
245 1 _aEstudo do comportamento de duas amostras do virus da doenca de Newcastle com passagens em celulas da linhagem suina IB-RS-2 clone C-26-3 e em celulas de embriao de galinha
650 _aNEWCASTLE
650 _aVIRUS
650 _aSUÍNO
650 _aGALINHA
773 0 _tArquivos do Instituto Biologico (Brazil)
_xISSN 0020-3653
_g(Jan-Dec 1982), v. 49(1-4) p. 13-20
_wBR8705886
909 _a202311
_bLúcia
_c55
_dLúcia Elande
942 _2AGRIS
_n0
_cANA
999 _c121023
_d121023